000 00917nmc a2200337 a 4500
003 AR-BaBNM
005 20251128205906.0
008 048019s1996 ||||||||||||||000 | spa||
020 _a987-9173-00-7
040 _cAR-BaBNM
100 1 _aOrtiz, Renato
245 1 0 _aOtro territorio
260 _aBuenos Aires
_bUniversidad Nacional de Quilmes
_c1996
300 _a140 p.
490 0 _aIntersecciones
650 4 _aCULTURA
650 4 _aESTUDIOS CULTURALES
650 4 _aINVESTIGACION CULTURAL
650 4 _aPOLITICA
650 4 _aCOSTUMBRES Y TRADICIONES
650 4 _aESTUDIOS CULTURALES
650 4 _aMEDIOS DE COMUNICACION DE MASAS
650 4 _aANTROPOLOGIA CULTURAL Y SOCIAL
650 4 _aFILOSOFIA CULTURAL
651 4 _aAmérica Latina
653 _aGLOBALIZACION
700 1 _aSolari, Ada
_etraductor
800 1 _aAltamirano, Carlos
_edirector
942 _cBK
998 _cMariana
999 _c13185
_d13185